KOHA-Header-6

Cracking the GMAT (Record no. 10052)

000 -LEADER
fixed length control field 00248nam a2200109Ia 4500
100 ## - MAIN ENTRY--AUTHOR NAME
Personal name Robinson Adam
245 #0 - TITLE STATEMENT
Title Cracking the GMAT
260 ## - PUBLICATION, DISTRIBUTION, ETC. (IMPRINT)
Place of publication India
Name of publisher Oxford
Year of publication 912
300 ## - PHYSICAL DESCRIPTION
Number of Pages 2005
942 ## - ADDED ENTRY ELEMENTS (KOHA)
Koha item type Books
Holdings
Withdrawn status Lost status Collection code Permanent Location Current Location Shelving location Date acquired Full call number Accession Number Koha item type
    Aptitude Tests MAJU MAJU Shelf No.A22 2019-09-14 650.07 6138 Aptitude Tests

Powered by Koha